Znaki zodiaku - Statystyki

Ogólne statystyki
  • Ten quiz został rozwiązany 171 razy
  • Średni wynik to 10 z 12
Statystyki odpowiedzi
Data Znaki zodiaku % Poprawnych
23.05 - 21.06 Bliźnięta
93%
23.08 - 22.09 Panna
93%
20.04 - 22.05 Byk
90%
23.07 - 22.08 Lew
89%
22.11 - 21.12 Strzelec
89%
21.03 - 19.04 Baran
88%
22.12 - 20.01 Koziorożec
88%
21.01 - 18.02 Wodnik
87%
22.06 - 23.07 Rak
86%
23.09 - 22.10 Waga
86%
23.10 - 22.11 Skorpion
81%
19.02 - 20.03 Ryby
79%
Nie znaleziono quizów pasujących do podanych kryteriów
Rozkład punktacji
Procent ludzi z każdym wynikiem
Percentyl według liczby udzielonych odpowiedzi
Twoja historia wyników
Nie rozwiązałeś tego quizu